| 000 | 00736nam a22001937a 4500 | ||
|---|---|---|---|
| 999 |
_c17796 _d17796 |
||
| 003 | AR-CdUCM | ||
| 008 | 190509b ||||| |||| 00| 0 spa d | ||
| 040 |
_aMUNICIPALIDAD PROVINCIAL DEL CUSCO _cBIBLIOTECA MUNICIPAL DEL CUSCO |
||
| 082 |
_a922 / _bAU88 |
||
| 110 |
_aSacada de diversos autores contemporáneos _937977 |
||
| 245 |
_aReseña biográfica del cura de Caracuaro Don José María Morales e historia : _bSobre la campaña de cinco años que sostuvo contra la dominación española / |
||
| 260 |
_aParís : _bRosa y bouret, _c1869. |
||
| 300 |
_a180 páginas ; _c18 cm. |
||
| 505 | _aContenido : Biografía | ||
| 650 |
_aHistoria _9136 |
||
| 650 |
_aAutobiografía _92301 |
||
| 942 |
_2ddc _cLIBROS |
||
| 945 |
_arah _d09/05/2019 |
||